Les 50 joueurs de football les mieux valorisés du monde en 2026 - Statistiques

Statistiques générales
  • Ce quiz a été pris 193 fois
    33 depuis la dernière actualisation
  • Le résultat moyen est 43 sur 57
Statistiques - réponses
Rang Valeur Club Natonalité Joueur % Correct
- 200 M Manchester City Norvège Erling Haaland
100%
- 200 M Real Madrid France Kylian Mbappé
100%
1 200 M FC Barcelone Espagne Lamine Yamal
100%
- 120 M Real Madrid Uruguay Federico Valverde
96%
8 120 M Bayern Munich Allemagne Jamal Musiala
96%
6 140 M Real Madrid Angleterre Jude Bellingham
96%
- 140 M Bayern Munich France Michael Olise
96%
- 150 M Real Madrid Brésil Vinicius Junior
96%
- 110 M Paris SG Portugal João Neves
93%
4 150 M FC Barcelone Espagne Pedri
93%
- 110 M Paris SG Portugal Vitinha
93%
- 90 M Real Madrid Turquie Arda Güler
89%
21 90 M Paris SG France Désiré Doué
89%
- 100 M Paris SG France Ousmane Dembélé
89%
- 80 M Paris SG Maroc Achraf Hakimi
85%
- 110 M Chelsea Angleterre Cole Palmer
85%
- 120 M Arsenal Angleterre Declan Rice
85%
- 110 M Liverpool Allemagne Florian Wirtz
85%
- 90 M Liverpool France Hugo Ekitiké
85%
12 110 M Chelsea Équateur Moisés Caicedo
85%
- 100 M Liverpool Suède Alexander Isak
81%
- 120 M Arsenal Angleterre Bukayo Saka
81%
- 90 M Chelsea Argentine Enzo Fernández
81%
29 85 M Inter Milan Argentine Lautaro Martínez
81%
- 80 M FC Barcelone Brésil Raphinha
81%
- 90 M Arsenal France William Saliba
81%
- 80 M Liverpool Argentine Alexis Mac Allister
78%
30 80 M Chelsea Brésil Estêvão
78%
- 90 M Atlético Madrid Argentine Julián Alvarez
78%
- 80 M Manchester City Angleterre Phil Foden
78%
- 80 M Newcastle Italie Sandro Tonali
78%
50 70 M Paris SG France Bradley Barcola
74%
- 80 M Manchester United Cameroun Bryan Mbeumo
74%
- 75 M Juventus Turquie Kenan Yıldız
74%
- 75 M Manchester City Ghana Antoine Semenyo
70%
- 75 M Arsenal Brésil Gabriel Magalhães
70%
- 75 M Chelsea Brésil João Pedro
70%
- 70 M Bayern Munich Colombie Luis Díaz
70%
- 75 M Paris SG Portugal Nuno Mendes
70%
- 90 M Liverpool Pays-Bas Ryan Gravenberch
70%
- 75 M Real Madrid France Aurélien Tchouaméni
67%
- 70 M Manchester City Croatie Josko Gvardiol
67%
- 80 M FC Barcelone Espagne Pau Cubarsí
67%
- 70 M Paris SG Équateur Willian Pacho
67%
- 70 M Bayern Munich France Dayot Upamecano
63%
- 100 M Liverpool Hongrie Dominik Szoboszlai
63%
- 70 M Arsenal Pays-Bas Jurriën Timber
63%
- 70 M Inter Milan Italie Alessandro Bastoni
59%
- 70 M Manchester United Brésil Matheus Cunha
59%
- 90 M Paris SG Géorgie Khvicha Kvaratskhelia
56%
- 80 M Arsenal Espagne Martín Zubimendi
56%
- 75 M Galatasaray Nigeria Victor Osimhen
52%
40 75 M RB Leipzig Cote d'Ivoire Yan Diomande
52%
- 75 M Newcastle Brésil Bruno Guimarães
44%
- 80 M Aston Villa Angleterre Morgan Rogers
44%
- 75 M Bayern Munich Allemagne Aleksandar Pavlovic
41%
17 100 M FC Barcelone Espagne Fermín López
41%
Aucun quiz correspondant
Distribution des résultats
% des personnes avec chaque résultat
Percentile par nombre de réponses
Votre historique - résultats
Vous n’avez pas pris ce quiz depuis la dernière actualisation